|
|
|
|
| LEADER |
01190cam a2200313 7i4500 |
| 001 |
0000019342 |
| 005 |
20240118090000.0 |
| 006 |
##m gq d # |
| 007 |
##co#cgu uuuua |
| 008 |
240118t19991999mau# ### #00001eng## |
| 020 |
# |
# |
|a 0760010714
|
| 040 |
# |
# |
|a UMT
|b eng
|c UMT
|e rda
|
| 090 |
0 |
0 |
|a QA 76.73 .B3
|b Z3 1999
|
| 100 |
1 |
# |
|a Zak, Diane
|e author
|
| 245 |
1 |
0 |
|a Programming with microsoft :
|b visual basic 6.0
|c Diane Zak.
|
| 264 |
# |
1 |
|a Cambridge, MA.:
|b Course Technology,
|c 1999
|
| 264 |
# |
4 |
|c ♭1999
|
| 300 |
# |
# |
|a 862 pages:
|b some colour illustrations
|
| 336 |
# |
# |
|a text --
|2 rdacontent
|
| 337 |
# |
# |
|a computer --
|2 rdamedia
|
| 337 |
# |
# |
|a unmediated --
|2 rdamedia
|
| 338 |
# |
# |
|a computer disc --
|2 rdacarrier
|
| 338 |
# |
# |
|a volume --
|2 rdacarrier
|
| 504 |
# |
# |
|a Includes bibliographical references and index
|
| 590 |
# |
# |
|a Perpustakaan Sultanah Nur Zahirah
|
| 650 |
# |
0 |
|a BASIC (Computer programming language) --
|x Problems, exercises, etc.
|
| 650 |
# |
0 |
|a Microsoft Visual Basic for Windows --
|x Problems, exercises, etc.
|
| 999 |
|
|
|a 1100005243
|b CD-ROM
|c Bahan Pandang Dengar
|e BILIK BAHAN SUMBER MEDIA
|
| 999 |
|
|
|a 1000405039
|b Book
|c Bahan Pandang Dengar
|e KOLEKSI TERBUKA
|